Dragon-Type Pokemon Moves - Statistics

General Stats
  • This quiz has been taken 1,359 times
  • The average score is 10 of 13
Answer Stats
Category Description Move % Correct
Status Attack +1, Speed +1 Dragon Dance
91%
Physical Lasts 2-3 turns, then confuses user Outrage
89%
Physical Inflicts damage Dragon Claw
87%
Special Always inflicts 40 HP damage Dragon Rage
87%
Special After attacking, Sp Attack -2 Draco Meteor
86%
Special May paralyze target Dragon Breath
85%
Special Dialga's signature move Roar of Time
85%
Physical Priority -6, ends wild encounters Dragon Tail
83%
Special Inflicts damage Dragon Pulse
76%
Special Palkia's signature move Spacial Rend
74%
Physical May cause flinch Dragon Rush
66%
Physical Hits 2 times Dual Chop
54%
Special May cause flinch Twister
52%
No matching quizzes found
Score Distribution
Percent of People with Each Score
Percentile by Number Answered
Your Score History
You have not taken this quiz